=LDR 00000nam 2200000 4500 =001 INLIS000000000028493 =005 20130612130808 =008 ***********************************ind** =035 ##$$a0010-061300000028493 =041 ##$$a ind =082 ##$$a 410 =090 ##$$a 410, IST t =100 ##$$a Istiyani, Chatarina Pancer =245 ##$$a Tubuh dan Bahasa, Chatarina Pancer Istiyani =260 ##$$a 2004 $b Yogyakarta =300 ##$$a xxiii, 310 hlm., ilus., 21 cm =650 ##$$a Sosiolinguistik =850 ##$$a NBPNMAT =990 ##$$a 21400613/BPAP-NTB/20142014